| 000 | 00769nam a2200241 a 4500 | ||
|---|---|---|---|
| 001 | BRL_765 | ||
| 005 | 20190320210903.0 | ||
| 008 | 071016s2012----sp-a######---#000-0#spa-# | ||
| 020 | _a9788493947859 | ||
| 041 | _aspa | ||
| 044 | _asp | ||
| 050 | 4 |
_aTR28 _b.R63 2012 |
|
| 100 | 1 |
_aRodríguez, José Antonio _92455 |
|
| 245 | 1 | 0 |
_aFotó-grafas en México, 1872-1960 _cJosé Antonio Rodríguez. |
| 260 |
_aMadrid _bTurner _c2012 |
||
| 300 |
_a211 p. _bil. (algunas a color) _c32 cm. |
||
| 500 | _aIncluye piezas de la Colección Ruth Lechuga : p. 117-120 | ||
| 504 | _aIncluye referencias bibliográficas | ||
| 650 | 1 | 4 |
_aFotografía _xHistoria _zMéxico _924880 |
| 650 | 1 | 4 |
_aMujeres fotógrafas _924881 |
| 740 | 0 | _aFotógrafas en México, 1872-1960 | |
| 942 |
_2lcc _cB |
||
| 999 |
_c9577 _d9577 |
||